Welcome to CU Library Online Public Access Catalogue (OPAC)

THE EXPOSITOR'S BIBLE COMMENTARY (Record no. 7164)

MARC details
000 -LEADER
fixed length control field 00386nam a22001457a 4500
005 - DATE AND TIME OF LATEST TRANSACTION
control field 20250725104656.0
008 - FIXED-LENGTH DATA ELEMENTS--GENERAL INFORMATION
fixed length control field 250725b |||||||| |||| 00| 0 eng d
020 ## - INTERNATIONAL STANDARD BOOK NUMBER
International Standard Book Number 9780310365402
050 ## - LIBRARY OF CONGRESS CALL NUMBER
Classification number REF BS491
Item number .2 EXP
245 ## - TITLE STATEMENT
Title THE EXPOSITOR'S BIBLE COMMENTARY
250 ## - EDITION STATEMENT
Remainder of edition statement VOL 3-12
260 ## - PUBLICATION, DISTRIBUTION, ETC.
Place of publication, distribution, etc. MICHIGAN
Name of publisher, distributor, etc. ZONDERVAN PUBLISHING HOUSE
Date of publication, distribution, etc. c1981
300 ## - PHYSICAL DESCRIPTION
Extent xvi, 603p
942 ## - ADDED ENTRY ELEMENTS (KOHA)
Source of classification or shelving scheme Library of Congress Classification
Koha item type Books
Suppress in OPAC No
999 ## -
-- 7164
-- 7164
Holdings
Withdrawn status Lost status Source of classification or shelving scheme Damaged status Not for loan Collection Home library Current library Shelving location Date acquired Total checkouts Full call number Barcode Date last seen Copy number Price effective from Koha item type
    Library of Congress Classification     Reference Undergraduate Library (Christ Temple) Undergraduate Library (Christ Temple) General stacks 07/25/2025   REF BS491.2 EXP ulct00004152 07/25/2025 1 07/25/2025 Books
    Library of Congress Classification     Reference Undergraduate Library (Christ Temple) Undergraduate Library (Christ Temple) General stacks 07/25/2025   REF BS491.2 EXP ulct00004153 07/25/2025 2 07/25/2025 Books
    Library of Congress Classification     Reference Undergraduate Library (Christ Temple) Undergraduate Library (Christ Temple) General stacks 07/25/2025   REF BS491.2 EXP ulct00004154 07/25/2025 3 07/25/2025 Books
    Library of Congress Classification     Reference Undergraduate Library (Christ Temple) Undergraduate Library (Christ Temple) General stacks 07/25/2025   REF BS491.2 EXP ulct00004155 07/25/2025 4 07/25/2025 Books
    Library of Congress Classification     Reference Undergraduate Library (Christ Temple) Undergraduate Library (Christ Temple) General stacks 07/25/2025   REF BS491.2 EXP ulct00004156 07/25/2025 5 07/25/2025 Books
    Library of Congress Classification     Reference Undergraduate Library (Christ Temple) Undergraduate Library (Christ Temple) General stacks 07/25/2025   REF BS491.2 EXP ulct00004157 07/25/2025 6 07/25/2025 Books
    Library of Congress Classification     Reference Undergraduate Library (Christ Temple) Undergraduate Library (Christ Temple) General stacks 07/25/2025   REF BS491.2 EXP ulct00004158 07/25/2025 7 07/25/2025 Books
© 2023-2024 Copyright: Central University Libraries. All Rights Reserved | Created by: Mahone Tech Office